Decision technologies for financial engineering;proceedings of the fourth international conference on neural networks in the capital makets (nncm'96) (Record no. 572729)
[ view plain ]
| 000 -LEADER | |
|---|---|
| fixed length control field | 00671nam a22001817a 4500 |
| 003 - CONTROL NUMBER IDENTIFIER | |
| control field | CEME |
| 005 - DATE AND TIME OF LATEST TRANSACTION | |
| control field | 20210628203227.0 |
| 008 - FIXED-LENGTH DATA ELEMENTS--GENERAL INFORMATION | |
| fixed length control field | 210127b xxu||||| |||| 00| 0 eng d |
| 020 ## - INTERNATIONAL STANDARD BOOK NUMBER | |
| International Standard Book Number | 981-02-3124-5 |
| 040 ## - CATALOGING SOURCE | |
| Transcribing agency | . |
| 082 ## - DEWEY DECIMAL CLASSIFICATION NUMBER | |
| Classification number | 621.3192 DEC |
| 100 ## - MAIN ENTRY--PERSONAL NAME | |
| Personal name | Weigend, Andreas S:Yaser Abu-Mostafa:Refenes, A.Paul N |
| 9 (RLIN) | 64113 |
| 245 ## - TITLE STATEMENT | |
| Title | Decision technologies for financial engineering;proceedings of the fourth international conference on neural networks in the capital makets (nncm'96) |
| 260 ## - PUBLICATION, DISTRIBUTION, ETC. | |
| Place of publication, distribution, etc. | NEW JERSEY |
| Name of publisher, distributor, etc. | WORLD SCIENTIFIC |
| Date of publication, distribution, etc. | 1997 |
| 300 ## - PHYSICAL DESCRIPTION | |
| Extent | XVI,417P |
| 650 ## - SUBJECT ADDED ENTRY--TOPICAL TERM | |
| Topical term or geographic name entry element | CAPITAL MARKET CONGRESS, NEURAL NETWORKS (COMPUTER SCIENCE) CONGRESSES |
| 9 (RLIN) | 64114 |
| 942 ## - ADDED ENTRY ELEMENTS (KOHA) | |
| Koha item type | Book |
| Source of classification or shelving scheme | |
| Withdrawn status | Lost status | Damaged status | Not for loan | Permanent Location | Current Location | Shelving location | Date acquired | Total Checkouts | Full call number | Barcode | Date last seen | Price effective from | Koha item type |
|---|---|---|---|---|---|---|---|---|---|---|---|---|---|
| College of Electrical & Mechanical Engineering (CEME) | College of Electrical & Mechanical Engineering (CEME) | General Stacks | 03/28/2017 | 621.3192 DEC | CEME-39266 | 06/28/2021 | 06/28/2021 | Book |
